Languages and compilers for parallel computing : (Record no. 26721)
[ view plain ]
| 000 -LEADER | |
|---|---|
| fixed length control field | 01312cam a22003015a 4500 |
| 001 - CONTROL NUMBER | |
| control field | 18278492 |
| 005 - DATE AND TIME OF LATEST TRANSACTION | |
| control field | 20180514140257.0 |
| 008 - FIXED-LENGTH DATA ELEMENTS--GENERAL INFORMATION | |
| fixed length control field | 140825t2014 gw a frb 001 0 eng d |
| 020 ## - INTERNATIONAL STANDARD BOOK NUMBER | |
| International Standard Book Number | 9783319099668 |
| 040 ## - CATALOGING SOURCE | |
| Original cataloging agency | DLC |
| Language of cataloging | eng |
| Transcribing agency | DLC |
| Modifying agency | DLC |
| -- | EG-ScBUE |
| 082 04 - DEWEY DECIMAL CLASSIFICATION NUMBER | |
| Edition number | 22 |
| Classification number | 004.618 |
| Item number | LAN |
| 245 00 - TITLE STATEMENT | |
| Title | Languages and compilers for parallel computing : |
| Remainder of title | 26th International Workshop, LCPC 2013, September 25--27, 2013, San Jose, CA, USA. Revised Selected Papers / |
| Statement of responsibility, etc | [edited by] Calin Cascaval, Pablo Montesinos-Ortego. |
| 250 ## - EDITION STATEMENT | |
| Edition statement | 1st ed. |
| 260 ## - PUBLICATION, DISTRIBUTION, ETC. (IMPRINT) | |
| Place of publication, distribution, etc | Cham : |
| Name of publisher, distributor, etc | Springer, |
| Date of publication, distribution, etc | c.2014. |
| 300 ## - PHYSICAL DESCRIPTION | |
| Extent | xxiv, 356 p. : |
| Other physical details | ill. ; |
| Dimensions | 24 cm. |
| 490 0# - Series Statement | |
| Series statement | Lecture notes in computer science ; |
| Volume/sequential designation | 8664 |
| 504 ## - BIBLIOGRAPHY, ETC. NOTE | |
| Bibliography, etc | Includes bibliographical references and index. |
| 650 #7 - SUBJECT ADDED ENTRY--TOPICAL TERM | |
| Source of heading or term | BUEsh |
| Topical term or geographic name as entry element | Parallel processing (Electronic computers) |
| Form subdivision | Congresses. |
| 650 #7 - SUBJECT ADDED ENTRY--TOPICAL TERM | |
| Source of heading or term | BUEsh |
| Topical term or geographic name as entry element | Parallelizing compilers |
| Form subdivision | Congresses. |
| 650 #7 - SUBJECT ADDED ENTRY--TOPICAL TERM | |
| Source of heading or term | BUEsh |
| Topical term or geographic name as entry element | Parallel programming (Computer science) |
| Form subdivision | Congresses |
| 651 ## - SUBJECT ADDED ENTRY--GEOGRAPHIC NAME | |
| Source of heading or term | BUEsh |
| 653 ## - INDEX TERM--UNCONTROLLED | |
| Resource For college | Informatics and Computer Science |
| Arrived date list | May2018 |
| 700 1# - ADDED ENTRY--PERSONAL NAME | |
| Personal name | Caşcaval, Călin, |
| Relator term | editor. |
| 700 1# - ADDED ENTRY--PERSONAL NAME | |
| Personal name | Montesinos, Pablo |
| Relator term | editor. |
| 856 42 - ELECTRONIC LOCATION AND ACCESS | |
| Materials specified | Publisher description |
| Uniform Resource Identifier | <a href="http://www.loc.gov/catdir/enhancements/fy1501/2014949396-d.html">http://www.loc.gov/catdir/enhancements/fy1501/2014949396-d.html</a> |
| 856 41 - ELECTRONIC LOCATION AND ACCESS | |
| Materials specified | Table of contents only |
| Uniform Resource Identifier | <a href="http://www.loc.gov/catdir/enhancements/fy1501/2014949396-t.html">http://www.loc.gov/catdir/enhancements/fy1501/2014949396-t.html</a> |
| 942 ## - ADDED ENTRY ELEMENTS (KOHA) | |
| Source of classification or shelving scheme | Dewey Decimal Classification |
| Withdrawn status | Item status | Source of classification or shelving scheme | Damaged status | Not for loan | Vendor | Home library | Current library | Shelving location | Date acquired | Source of acquisition | Cost, normal purchase price | Serial Enumeration / chronology | Total Checkouts | Full call number | Barcode | Date last seen | Cost, replacement price | Koha item type |
|---|---|---|---|---|---|---|---|---|---|---|---|---|---|---|---|---|---|---|
| Dewey Decimal Classification | Baccah | Central Library | Central Library | Lower Floor | 14/05/2018 | Purchase | 682.00 | 2000088 | 004.618 LAN | 000047773 | 15/07/2025 | 852.50 | Book - Borrowing |